Every Team Relegated from Football League + National League 1992-2010 - Statistics

General Stats
  • This quiz has been taken 14 times
  • The average score is 125 of 278
Answer Stats
Season Division Club % Correct
2000/01 Premier League Bradford City
88%
2003/04 Division One Bradford City
88%
2006/07 League One Bradford City
88%
1995/96 Division Two Brighton & Hove Albion
88%
2002/03 Division One Brighton & Hove Albion
88%
2005/06 Championship Brighton & Hove Albion
88%
1994/95 Division One Bristol City
88%
1998/99 Division One Bristol City
88%
1995/96 Division One Luton Town
88%
2000/01 Division Two Luton Town
88%
2006/07 Championship Luton Town
88%
2007/08 League One Luton Town
88%
2008/09 League Two Luton Town
88%
1998/99 Premier League Blackburn Rovers
75%
1999/00 Division Two Blackpool
75%
2001/02 Division Two Bournemouth
75%
2007/08 League One Bournemouth
75%
1998/99 Premier League Charlton Athletic
75%
2006/07 Premier League Charlton Athletic
75%
2008/09 Championship Charlton Athletic
75%
2001/02 Premier League Derby County
75%
2007/08 Premier League Derby County
75%
1993/94 Division Two Exeter City
75%
2002/03 Division Three Exeter City
75%
1995/96 Division Two Hull City
75%
2009/10 Premier League Hull City
75%
1994/95 Premier League Ipswich Town
75%
2001/02 Premier League Ipswich Town
75%
2003/04 Premier League Leeds United
75%
2006/07 Championship Leeds United
75%
1994/95 Premier League Leicester City
75%
2001/02 Premier League Leicester City
75%
2003/04 Premier League Leicester City
75%
2007/08 Championship Leicester City
75%
1998/99 Division Two Lincoln City
75%
1992/93 Premier League Middlesbrough
75%
1996/97 Premier League Middlesbrough
75%
2008/09 Premier League Middlesbrough
75%
2008/09 Premier League Newcastle United
75%
1994/95 Premier League Norwich City
75%
2004/05 Premier Division Norwich City
75%
2008/09 Championship Norwich City
75%
1992/93 Premier League Nottingham Forest
75%
1996/97 Premier League Nottingham Forest
75%
1998/99 Premier League Nottingham Forest
75%
2004/05 Championship Nottingham Forest
75%
1994/95 Division Two Plymouth Argyle
75%
1997/98 Division Two Plymouth Argyle
75%
2009/10 Championship Plymouth Argyle
75%
2009/10 Premier League Portsmouth
75%
1995/96 Premier League Queens Park Rangers
75%
2000/01 Division One Queens Park Rangers
75%
1996/97 Premier League Sunderland
75%
2002/03 Premier League Sunderland
75%
2005/06 Premier League Sunderland
75%
1993/94 Premier League Swindon Town
75%
1994/95 Division One Swindon Town
75%
1999/00 Division One Swindon Town
75%
2005/06 League One Swindon Town
75%
1995/96 Division One Watford
75%
1999/00 Premier League Watford
75%
2006/07 Premier League Watford
75%
2003/04 Premier League Wolverhampton Wanderers
75%
1995/96 Premier League Bolton Wanderers
63%
1997/98 Premier League Bolton Wanderers
63%
1992/93 Division One Bristol Rovers
63%
2000/01 Division Two Bristol Rovers
63%
1994/95 Division One Burnley
63%
2009/10 Premier League Burnley
63%
2007/08 Championship Colchester United
63%
1997/98 Division Three Doncaster Rovers
63%
2004/05 Championship Gillingham
63%
2007/08 League One Gillingham
63%
2009/10 League One Gillingham
63%
1996/97 Division One Grimsby Town
63%
2002/03 Division One Grimsby Town
63%
2003/04 Division Two Grimsby Town
63%
2009/10 League Two Grimsby Town
63%
2000/01 Division One Huddersfield Town
63%
2002/03 Division Two Huddersfield Town
63%
1994/95 Division Two Leyton Orient
63%
1995/96 Premier League Manchester City
63%
1997/98 Division One Manchester City
63%
2000/01 Premier League Manchester City
63%
1995/96 Division One Millwall
63%
2005/06 Championship Millwall
63%
1994/95 Division One Notts County
63%
1996/97 Division Two Notts County
63%
2003/04 Division Two Notts County
63%
1993/94 Premier League Oldham Athletic
63%
1996/97 Division One Oldham Athletic
63%
1993/94 Division One Oxford United
63%
1998/99 Division One Oxford United
63%
2000/01 Division Two Oxford United
63%
2005/06 League Two Oxford United
63%
1993/94 Division One Peterborough United
63%
1996/97 Division Two Peterborough United
63%
2004/05 League One Peterborough United
63%
2009/10 Championship Peterborough United
63%
1993/94 Premier League Sheffield United
63%
2006/07 Premier League Sheffield United
63%
1999/00 Premier League Sheffield Wednesday
63%
2002/03 Division One Sheffield Wednesday
63%
2009/10 Championship Sheffield Wednesday
63%
2004/05 Premier Division Southampton
63%
2008/09 Championship Southampton
63%
1996/97 Division One Southend United
63%
1997/98 Division Two Southend United
63%
2006/07 Championship Southend United
63%
2009/10 League One Southend United
63%
2001/02 Division One Stockport County
63%
2004/05 League One Stockport County
63%
2009/10 League One Stockport County
63%
1997/98 Division One Stoke City
63%
1995/96 Division Two Swansea City
63%
2000/01 Division Two Swansea City
63%
2002/03 Premier League West Bromwich Albion
63%
2005/06 Premier League West Bromwich Albion
63%
2008/09 Premier League West Bromwich Albion
63%
2001/02 Division Two Wrexham
63%
2004/05 League One Wrexham
63%
2007/08 League Two Wrexham
63%
1993/94 Division Two Barnet
50%
2000/01 Division Three Barnet
50%
1997/98 Premier League Barnsley
50%
2001/02 Division One Barnsley
50%
1993/94 Division One Birmingham City
50%
2005/06 Premier League Birmingham City
50%
2007/08 Premier League Birmingham City
50%
1998/99 Division One Bury
50%
2001/02 Division Two Bury
50%
1994/95 Division Two Cardiff City
50%
1999/00 Division Two Cardiff City
50%
1995/96 Division Two Carlisle United
50%
1997/98 Division Two Carlisle United
50%
2003/04 Division Three Carlisle United
50%
2002/03 Division Two Cheltenham Town
50%
2008/09 League One Cheltenham Town
50%
1999/00 Division Two Chesterfield
50%
2006/07 League One Chesterfield
50%
2000/01 Premier League Coventry City
50%
1993/94 Division Two Fulham
50%
1993/94 Division Two Hartlepool United
50%
2005/06 League One Hartlepool United
50%
1992/93 Division Two Mansfield Town
50%
2002/03 Division Two Mansfield Town
50%
2007/08 League Two Mansfield Town
50%
2005/06 League One Milton Keynes Dons
50%
1999/00 Division One Port Vale
50%
2007/08 League One Port Vale
50%
1992/93 Division Two Preston North End
50%
1997/98 Division One Reading
50%
2007/08 Premier League Reading
50%
1999/00 Division Two Scunthorpe United
50%
2007/08 Championship Scunthorpe United
50%
2000/01 Division One Tranmere Rovers
50%
1999/00 Division One Walsall
50%
2003/04 Division One Walsall
50%
2005/06 League One Walsall
50%
2002/03 Premier League West Ham United
50%
1999/00 Premier League Wimbledon
50%
2003/04 Division One Wimbledon
50%
1994/95 Football Conference Yeovil Town
50%
1992/93 Division One Brentford
38%
1997/98 Division Two Brentford
38%
2006/07 League One Brentford
38%
1992/93 Division One Cambridge United
38%
1994/95 Division Two Cambridge United
38%
2001/02 Division Two Cambridge United
38%
2004/05 League Two Cambridge United
38%
1992/93 Premier League Crystal Palace
38%
1994/95 Premier League Crystal Palace
38%
1997/98 Premier League Crystal Palace
38%
2004/05 Premier Division Crystal Palace
38%
1998/99 Division Two Macclesfield Town
38%
1998/99 Division Two Northampton Town
38%
2002/03 Division Two Northampton Town
38%
2008/09 League One Northampton Town
38%
1996/97 Division Two Rotherham United
38%
2004/05 Championship Rotherham United
38%
2006/07 League One Rotherham United
38%
1996/97 Division Two Shrewsbury Town
38%
2002/03 Division Three Shrewsbury Town
38%
1999/00 Football Conference Sutton United
38%
2007/08 Conference South Sutton United
38%
1992/93 Division Two Wigan Athletic
38%
2003/04 Division Two Wycombe Wanderers
38%
2009/10 League One Wycombe Wanderers
38%
1996/97 Football Conference Altrincham
25%
1999/00 Football Conference Altrincham
25%
1998/99 Football Conference Barrow
25%
2001/02 Division One Crewe Alexandra
25%
2005/06 Championship Crewe Alexandra
25%
2008/09 League One Crewe Alexandra
25%
1995/96 Football Conference Dagenham & Redbridge
25%
2009/10 League Two Darlington
25%
1992/93 Football Conference Farnborough
25%
1998/99 Football Conference Farnborough
25%
2004/05 Conference National Farnborough
25%
2004/05 League Two Kidderminster Harriers
25%
2003/04 Football Conference Margate
25%
2004/05 Conference South Margate
25%
2003/04 Division Two Rushden & Diamonds
25%
2005/06 League Two Rushden & Diamonds
25%
2002/03 Football Conference Southport
25%
2006/07 Conference National Southport
25%
2006/07 Conference National Tamworth
25%
2008/09 Conference National Woking
25%
1998/99 Division Two York City
25%
2003/04 Division Three York City
25%
1996/97 Football Conference Bath City
13%
2006/07 Conference South Bedford Town
13%
1992/93 Football Conference Boston United
13%
2006/07 League Two Boston United
13%
2007/08 Conference North Boston United
13%
2001/02 Football Conference Dover Athletic
13%
2009/10 Conference National Ebbsfleet United
13%
1997/98 Football Conference Gateshead
13%
1992/93 Division Three Halifax Town
13%
2001/02 Division Three Halifax Town
13%
2007/08 Conference National Halifax Town
13%
1996/97 Division Three Hereford United
13%
2008/09 League One Hereford United
13%
2008/09 Conference North King's Lynn Town
13%
2005/06 Conference South Maidenhead United
13%
1994/95 Football Conference Merthyr Tydfil
13%
2002/03 Football Conference Nuneaton
13%
2007/08 Conference North Nuneaton
13%
1998/99 Division Three Scarborough
13%
2005/06 Conference National Scarborough
13%
1993/94 Football Conference Slough Town
13%
1997/98 Football Conference Slough Town
13%
2004/05 League One Torquay United
13%
2006/07 League Two Torquay United
13%
2008/09 Conference National Weymouth
13%
2009/10 Conference South Weymouth
13%
2006/07 Conference North Worksop Town
13%
2004/05 Conference North Ashton United
0%
2008/09 Conference South Bognor Regis Town
0%
2004/05 Conference North Bradford Park Avenue
0%
1996/97 Football Conference Bromsgrove Rovers
0%
2008/09 Conference North Burscough
0%
2007/08 Conference South Cambridge City
0%
2005/06 Conference National Canvey Island
0%
2005/06 Conference South Carshalton Athletic
0%
1992/93 Division Two Chester City
0%
1994/95 Division Two Chester City
0%
1999/00 Division Three Chester City
0%
2008/09 League Two Chester City
0%
2007/08 Conference National Droylsden
0%
2007/08 Conference National Farsley Celtic
0%
2009/10 Conference National Grays Athletic
0%
2001/02 Football Conference Hayes
0%
2000/01 Football Conference Hednesford Town
0%
2005/06 Conference North Hednesford Town
0%
2008/09 Conference North Hucknall Town
0%
2000/01 Football Conference Kettering Town
0%
2002/03 Football Conference Kettering Town
0%
2000/01 Football Conference Kingstonian
0%
2006/07 Conference North Lancaster City
0%
1998/99 Football Conference Leek Town
0%
2004/05 Conference National Leigh RMI
0%
2007/08 Conference North Leigh RMI
0%
2008/09 Conference National Lewes
0%
2004/05 Conference National Northwich Victoria
0%
2008/09 Conference National Northwich Victoria
0%
2009/10 Conference North Northwich Victoria
0%
2004/05 Conference South Redbridge
0%
1995/96 Football Conference Runcorn
0%
2004/05 Conference North Runcorn FC Halton
0%
2009/10 Conference National Salisbury City
0%
1994/95 Football Conference Stafford Rangers
0%
2007/08 Conference National Stafford Rangers
0%
2006/07 Conference National St Albans City
0%
1997/98 Football Conference Stalybridge Celtic
0%
2001/02 Football Conference Stalybridge Celtic
0%
1999/00 Football Conference Welling United
0%
1993/94 Football Conference Witton Albion
0%
No matching quizzes found
Score Distribution
Percent of People with Each Score
Percentile by Number Answered
Your Score History
You have not taken this quiz